000 00619cam a2200205 4500
001 S3509
008 000000n1999 000 0 eng u
035 _a(Sirsi) u103263
041 _aeng
050 _a306.2
110 _aChartered Institute of Housing
_92394
245 _aGood practice briefing - Issue 16 (December 1999). Housing and services for people with support needs.
260 _aCoventry
_bChartered Institute of Housing
_c1999
300 _a15p. : ill. ; 30cm.
350 _a0
490 _aCIH Good Practice Briefing
_v16
650 _aGOOD PRACTICE BRIEFING
690 _aHOUSING
942 _n0
999 _c100111
_d100111